000 05045nam a2200457Ia 4500
001 dia_5336
003 CHAP
005 20251103134829.0
007 ta
008 220117s2013 mx abdofrm 001 0 spa d
010 _a176273
040 _cCHAP
_amxchpua
_erda
041 0 _aspa
_beng
090 _aTesis
_bG66
_c2013
100 1 _aGómez Pérez, Alonso
240 1 0 _aDesign and implementation of control of sale of tomato (Lycopersicum esculentum Mill.) in Tlapacoyan and Martinez de la Torre, Veracruz.
_lEspañol
245 1 0 _aDiseño e implementación de control de venta de jitomate (Lycopersicum esculentum Mill.) en Tlapacoyan y Martínez de la Torre, Ver. /
_cAlonso Gómez Pérez
264 _aChapingo, México :
_bEl autor,
_c2013
300 _a45 hojas :
_bilustraciones,mapas gráficas, diagramas, tablas, fotos +
_e1 CD-ROM
336 _2rdacontent
_atexto
_btxt
337 _2rdamedia
_ano mediado
_bn
338 _2rdacarrier
_avolumen
_bnc
500 _aEl CD contiene el reporte
502 _aInforme de Estancia Preprofesional
_b(Ingeniero Agroindustrial) --
_cUACh. Departamento de Ingeniería Agroindustrial,
_d2013
504 _aBibliografía: hojas 41-42
520 3 _aEl objetivo principal de la Estancia Pre-Profesional (EPP) es vincular el ámbito profesional del exterior con los nuevos profesionistas que han concluido o están por terminar su formación académica, como una opción de vinculación con el sector productivo, que será un aprendizaje más en la vida profesional. En el presente informe se describe detalladamente lo que se hizo en la EPP de acuerdo a las actividades asignadas, una de ellas y la más importante son el diseño y la implementación de un control de ventas de jitomate, esto con el fin de obtener información que ayude a conocer aspectos importantes de la comercialización de jitomate. Para obtener resultados satisfactorios fue necesario involucrarse directamente con la venta de jitomate, esto fue clave para llegar al objetivo. Se hizo uso de herramientas muy sencillas, como notas de remisión y libretas y equipo de oficina para obtener registros y así elaborar informes parciales de cada viaje. Con la notas se obtuvo la cantidad vendida, calidad, precio de venta y clientes potenciales, las mermas fueron identificadas gracias a las devoluciones de los diversos super´s a los que se les hace entrega. Finalmente, logró obtenerse un estado financiero de la comercialización mediante una propuesta de base de datos hecha con los importes totales de los informes parciales de cada viaje. Estos informes se reportaban en una semana máxima después de la fecha de recibo para tener un margen de seguridad con la información de los datos que se generaba en la venta de jitomate. Gracias a este proceso se obtuvieron beneficios por parte de la empresa, ya que ésta ocupa dicha información para sacar sus balances generales mensuales y decidir seguir con el proyecto de comercialización.
520 3 _aThe main purpose of the Stay Pre-Professional (EPP) is to link the professional field outside the new professionals who have concluded or are about to complete their education, as an option in connection with the productive sector, it will be a learning professional life. This report describes in detail what was done in the EPP according to assigned activities, one of them and the most important is the design and implementation of a control tomatoes sales, this in order to get information to help meet important marketing aspects of tomatoes. For satisfactory results it was necessary to engage directly with the sale of tomatoes, this was key to reaching the objectives. It made use of simple tools, such as delivery notes and notebooks and office equipment and records for partial reporting of each trip. With the notes was obtained quantities, quality, price and potential customers, the losses were identified through returns of various super's those hands them. Finally succeeded obtained a financial statement of marketing through a proposed database made with the total amounts of progress reports for each trip. These reports were reported in a week maximum after the date of receipt to have a safety margin with the data information that was generated by the sale of tomatoes. Through this process benefits were obtained by the company, since it takes that information to draw their monthly balance sheets and decide to continue or not with the marketing project.
650 1 3 _aTomate
_xMercadeo
_zMéxico
_zVeracruz
650 1 3 _aTomatoes
_xMarketing
_zMexico
_zVeracruz
700 1 _aPérez Román, Arturo
_edirector
700 1 _aEspejel Zaragoza, José Alfredo
_easesor
700 1 _aPonce Hernández, Pedro
_easesor
856 4 1 _uhttp://10.13.5.2/tesis/sist109495.pdf
_yDESCARGAR PDF
901 _aTESIS G66 2013
902 _aM
905 _a5232272013 mx dnml8222223322spa16
942 _cTESIS
_2Clasificación Universidad Autónoma Chapingo
999 _c176273
_d176273